02081 2200361 4500001002100000005001500021035002000036007000300056008004100059020001800100082001000118084001600128100003600144245002500180250001400205300005200219650001300271650002000284700003300304700003000337700002600367700003100393504003200424505038600456520073000842264004001572336002101612337003001633338002301663990001101686990001101697990001101708INLIS00000000002384520260422110322 a0010-0426000042ta260422 g 0 ind  a9786026711335 a613.7 a613.7 LIS k0 aLisna Anisa FitrianaePengarang1 aKeperawatan Olahraga aCetakan 1 aix + 247 halaman :bIlustrasi [Grafis] ;c23 cm 4aOlahraga 4aAspek Kesehatan0 aSeptian AndriyaniePengarang0 aIrma DarmawatiePengarang0 aUpik RahmiePengarang0 aSuci Tuty PutriePengarang aBibliografi 233-244 halaman a1. Olahraga dan Keperawatan 2. Kebugaran Jasmani 3. Cedera Olahraga dan Penanganannya 4. Konsep Doping dan Zat Ergogenik dalam Olahraga 5. Aklimatisasi dan Fisiologi Olahraga 6. Olahraga pada Wanita 7. Konsep Olahraga untuk Berbagai Kondisi 8. Olahraga Promotif dan Preventif untuk Segala Usia 9. Promosi Kesehatan Aktivitas Fisik dengan Pendekatan Teori Virginia Henderson aBuku yang berjudul "Keperawatan Olahraga" ini merupakan karya yang dirancang sebagai referensi utama untuk mata kuliah Keperawatan Olahraga di Program Studi Ilmu Keperawatan. Dengan penekanan pada aspek kesehatan dan pencegahan, buku ini memberikan wawasan mendalam mengenai berbagai topik penting terkait olahraga dan keperawatan. Bab pertama mengenai "Olahraga dan Keperawatan" membahas pengertian olahraga, kategori olahraga, dan konsep keperawatan yang menjadi dasar pemahaman dalam buku ini. Selanjutnya, bab berikutnya menggali topik seperti kebugaran jasmani, cedera olahraga beserta penanganannya, konsep doping dan obat dalam olahraga, aklimatisasi dan fisiologi olahraga, serta aspek khusus olahraga pada wanita. aJakarta Timur :bBumi Aksara,c2024 2rdacontentaTeks 2rdamediaaTanpa Perantara 2rdacarrieraLembar a078244 a078245 a078246